000 00341pam a2200145a 44500
008 230405s1965 xxu||||| |||| 00| 0 eng d
041 _aENG
245 _aAll India Reporter
260 _aPune
_bHind Law House
_c1965
300 _a510p.
440 _aHind Law House
650 _aALL INDIA REPORTER
690 _aREPORTS
906 _a3924
999 _c875535
_d875535